Statistics for All Leonardo DiCaprio Movies

Click here to take the quiz!

General Stats

  • This quiz has been taken 99,839 times
    (18,032 since last reset)
  • The average score is 12 of 30

Answer Stats

YearMovie% Correct
1997Titanic
96%
2013The Wolf of Wall Street
78%
2015The Revenant
69%
2002Catch Me If You Can
65%
2013The Great Gatsby
65%
2010Inception
63%
2019Once Upon a Time
in Hollywood
60%
2012Django Unchained
58%
2010Shutter Island
58%
1996Romeo + Juliet
55%
1993What's Eating Gilbert Grape
54%
2006The Departed
51%
2021Don't Look Up
47%
2004The Aviator
42%
2006Blood Diamond
33%
2002Gangs of New York
33%
2000The Beach
33%
2023Killers of the Flower Moon
30%
1995The Basketball Diaries
30%
2008Revolutionary Road
22%
1998The Man in the Iron Mask
22%
2011J. Edgar
18%
1993This Boy's Life
15%
2008Body of Lies
14%
1991Critters 3
14%
1996Marvin's Room
14%
1995The Quick and the Dead
14%
1995Total Eclipse
11%
1998Celebrity
10%
1992Poison Ivy
10%

Score Distribution

Percentile by Number Answered

Percent of People with Each Score

Your Score History

You have not taken this quiz since the last reset